00797nam a2200229 a 4500003000400000005001700004008004100021020001800062040002400080041000800104082001500112110003700127245016000164250001200324260005200336300001000388440002700398653003100425653003800456653003900494653003400533OSt20131021194454.0131021s1998 ag ||||| |||| 00| 0 spa d a92-4-320879-9 cBiblioteca Medicina aspa bOMS IT 879 aOrganizacion Mundial de la Salud00aEvaluacion de residuos de ciertos farmacos de uso veterinario en los alimentos.b48º Informe del Comite Mixto FAO/OMS de Expertos en Aditivos Alimentarios a1º ed. aGinebrabOrganizacion Mundial de la Saludc1998 a80 p.00aInformes Tecnicosn879 aCONTAMINACION DE ALIMENTOS aRESIDUOS DE MEDICAMENTOS-ANALISIS aRESIDUOS DE MEDICAMENTOS-TOXICIDAD aDROGAS VETERINARIAS-TOXICIDAD